Nové trendy v gastronomii, hotelnictví a cestovním ruchu : sborník příspěvků z deváté mezinárodní vědecké konference, 21. dubna 2016
| Korporativní autor: | Vysoká škola obchodní a hotelová |
|---|---|
| Další autoři: | Nové trendy v gastronomii, hotelnictví a cestovním ruchu (konference) |
| Jazyk: | Slovenština Čeština Angličtina |
| Vydáno: |
Brno : Vysoká škola obchodní a hotelová, 2016 |
| Témata: | |
| Externí odkaz: |
Digitalizovaný dokument
|
| Fyzický popis: |
1 CD-ROM (160 stran) : barevné ilustrace ; 12 cm |
| Language note: |
Částečně slovenský a anglický text, česká, anglická a slovenská resumé |
| LEADER | 01869nam a2200457 i 4500 | ||
|---|---|---|---|
| 001 | 001523005 | ||
| 003 | CZ BrMZK | ||
| 005 | 20171128090323.0 | ||
| 006 | m||||||||d|||||||| | ||
| 007 | co cg | ||
| 008 | 160428s2016 xr a f 100 0 cze | ||
| 020 | |a 978-80-87300-90-9 |q (CDR) | ||
| 040 | |a BOA001 |b cze |e rda | ||
| 041 | 0 | |a cze |a eng |a slo |b cze |b eng |b slo | |
| 072 | 7 | |a 338.3/.4 |x Hospodářská a výrobní odvětví |2 Konspekt |9 4 | |
| 080 | |a 641/642 |2 MRF | ||
| 080 | |a 640.4 |2 MRF | ||
| 080 | |a 338.48 |2 MRF | ||
| 080 | |a (062.534) |2 MRF | ||
| 080 | |a (0.034.44) |2 MRF | ||
| 111 | 2 | |a Nové trendy v gastronomii, hotelnictví a cestovním ruchu (konference) |n (9. : |d 2016 : |c Brno, Česko) |7 ko2016915425 |4 aut | |
| 245 | 1 | 0 | |a Nové trendy v gastronomii, hotelnictví a cestovním ruchu : |b sborník příspěvků z deváté mezinárodní vědecké konference, 21. dubna 2016 |
| 264 | 1 | |a Brno : |b Vysoká škola obchodní a hotelová, |c 2016 | |
| 300 | |a 1 CD-ROM (160 stran) : |b barevné ilustrace ; |c 12 cm | ||
| 336 | |a text |b txt |2 rdacontent | ||
| 337 | |a počítač |b c |2 rdamedia | ||
| 338 | |a počítačový disk |b cd |2 rdacarrier | ||
| 347 | |a textový soubor |b PDF |2 rda | ||
| 500 | |a Název z disku | ||
| 504 | |a Obsahuje bibliografi a bibliografické odkazy | ||
| 546 | |a Částečně slovenský a anglický text, česká, anglická a slovenská resumé | ||
| 650 | 0 | 7 | |a gastronomie |7 ph120473 |2 czenas |
| 650 | 0 | 7 | |a hotelnictví |7 ph120832 |2 czenas |
| 650 | 0 | 7 | |a cestovní ruch |7 ph119113 |2 czenas |
| 655 | 7 | |a sborníky konferencí |7 fd133333 |2 czenas | |
| 655 | 7 | |a CD-ROM |7 fd133955 |2 czenas | |
| 710 | 2 | |a Vysoká škola obchodní a hotelová |7 pna2011629859 |4 orm |4 isb | |
| 856 | 4 | 1 | |u http://www.digitalniknihovna.cz/mzk/view/uuid:ecc9ac74-ea3f-4d07-aeb7-797adc0628b9 |y Digitalizovaný dokument |
| 910 | |a BOA001 |b CDR-1368.094 | ||
| 990 | |a BK | ||
| 991 | |b 201607 |c NOV | ||
English
Čeština 